000
00318nam a2200133Ia 4500
005
20251222143252.0
008
251222s9999||||xx |||||||||||||| ||spa||
020
_a
84-8280-350-6
082
_a
868.611/A36R/1984
100
_a
Alberti, Rafael
245
0
_a
La Arboleda Perdida
264
_b
Oveja Negra
942
_c
LIB
999
_c
15012
_d
15012